| 000 | 00779nam a2200229 a 4500 | ||
|---|---|---|---|
| 001 | 000024575 | ||
| 003 | DO-SdBNP | ||
| 005 | 20220901113955.0 | ||
| 008 | 860327s1980 mx 000 0 spa d | ||
| 040 |
_aDO-SdBNP _bspa _cBNPHU |
||
| 049 | _aBNGR | ||
| 082 |
_ann* _bnn* |
||
| 100 | 1 |
_aDuverger, Maurice. _950393 |
|
| 240 | 1 | 4 |
_aLes partis politiques. _lEspañol |
| 245 | 1 | 4 |
_aLos partidos políticos / _cMaurice Duverger ; traducción de Julieta Campos y Enrique González Pedrero. |
| 260 |
_aMéxico, D. F. : _bFondo de Cultura Económica, _c1980. |
||
| 300 |
_a459 p. : _bil. ; _c21 cm. |
||
| 534 |
_aTítulo original : _tLes partis politiques |
||
| 700 | 1 |
_aCampos, Julieta, _etr. _933624 _4Francés |
|
| 700 | 1 |
_aGonzález Pedrero, Enrique, _etr. _95328 |
|
| 942 |
_2ddc _cLBS1 |
||
| 999 |
_c24068 _d24068 |
||